000 00466nam a2200169Ia 4500
003 GCL
008 140319s9999 xx 000 0 ara d
040 _aGCL /
_cGCL
082 0 4 _aط
_b507
_bد د
100 1 _aدار المعارف
245 1 0 _aحيوانات نعرفها /
_cدار المعارف
260 _a[S.N] :
_bدار المعارف ،
_c1992
300 _a12
490 _aدنيا الحيوان
_v0
650 0 4 _aالاطفال
942 _2ddc
_cBK
999 _c56976
_d56976